000 00978nam a2200241Ia 4500
001 9973
003 GE_BSU
008 181216s||||||||xx |||||||||||||| ||und||
020 _a9789941924064
040 _cGE_BSU
080 _a32.001(479.22)+821.353.1-4+321.64
100 _aკაშია,ჯანრი
245 _aთხზულებანი. ტ.3.ტოტალიტარიზმი.პოლიტიკურ–ფილოსოფიური ესე
245 _cრედ.ხათუნა თოდუა,თამარ თითმერია
260 _aთბილისი
260 _bქართული ბიოგრაფიული ცენტრი.
260 _c2013
300 _a406გვ.ფოტო.21სმ.
653 _aთხზულებანი
653 _aპოლიტიკურ–ფილოსოფიური ესე
653 _aტოტალიტარიზმი.
942 _cBK
999 _c43246
_d43246